000 00611nam a2200205Ia 4500
003 OSt
005 20250807102158.0
008 210210b1955 xxu||||| |||| 00| 0 eng d
040 _cAL
041 _aKannada
082 _a858/231
100 _aSUBBARAYAPPA (B V)
_dಸುಬ್ಬರಾಯಪ್ಪ (ಬಿ ವಿ)
_9234420
245 _aVikhyata vijnanigalu
_bವಿಖ್ಯಾತ ವಿಜ್ಞಾನಿಗಳು
260 _aBengaLUru
_bVahini Prakashana
_c1955
650 _aVikhyAta
_9234421
650 _avijnAnigaLu
_9234422
690 _aBiography
_9234423
906 _a020773
942 _2ddc
_cBK
999 _c144927
_d144927